[Event "EYCC 2024 - O12"]
[Site "?"]
[Date "2024.08.22"]
[Round "1.1"]
[White "Ritzerveld, Noah"]
[Black "Ilcic, Aleksa"]
[Result "1-0"]
[BlackElo "1850"]
[WhiteElo "2293"]
[LiveChessVersion "1.4.8"]

1. e4 {[%clk 1:30:57]} c5 {[%clk 1:30:47]} 2. Nf3 {[%clk 1:31:22]} Nc6
{[%clk 1:31:02]} 3. d4 {[%clk 1:31:47]} cxd4 {[%clk 1:31:22]} 4. Nxd4
{[%clk 1:32:12]} Nf6 {[%clk 1:31:23]} 5. Nc3 {[%clk 1:32:34]} e5 {[%clk 1:31:32]}
6. Ndb5 {[%clk 1:32:58]} d6 {[%clk 1:31:37]} 7. Bg5 {[%clk 1:33:17]} a6
{[%clk 1:31:33]} 8. Na3 {[%clk 1:33:42]} b5 {[%clk 1:31:49]} 9. Nab1
{[%clk 1:33:26]} Be7 {[%clk 1:31:32]} 10. Bxf6 {[%clk 1:33:15]} Bxf6
{[%clk 1:31:42]} 11. a4 {[%clk 1:33:29]} bxa4 {[%clk 1:31:00]} 12. Rxa4
{[%clk 1:32:44]} Bg5 {[%clk 1:29:18]} 13. Bc4 {[%clk 1:28:32]} Bb7
{[%clk 1:10:51]} 14. O-O {[%clk 1:26:18]} O-O {[%clk 1:09:48]} 15. Qd3
{[%clk 1:23:21]} a5 {[%clk 1:07:00]} 16. Nd5 {[%clk 1:18:13]} Rc8
{[%clk 1:05:28]} 17. Nbc3 {[%clk 1:14:33]} g6 {[%clk 1:01:31]} 18. Rd1
{[%clk 1:11:23]} Kh8 {[%clk 1:01:13]} 19. Nb5 {[%clk 0:59:30]} f5
{[%clk 0:56:56]} 20. Ndc3 {[%clk 0:49:31]} Nb4 {[%clk 0:49:18]} 21. Qe2
{[%clk 0:49:19]} Be7 {[%clk 0:49:06]} 22. Nd5 {[%clk 0:41:09]} Bxd5
{[%clk 0:47:15]} 23. exd5 {[%clk 0:41:11]} Qb6 {[%clk 0:46:57]} 24. c3
{[%clk 0:35:08]} Na6 {[%clk 0:47:03]} 25. Rda1 {[%clk 0:32:28]} Nc5
{[%clk 0:43:55]} 26. Rxa5 {[%clk 0:31:18]} Ne4 {[%clk 0:43:34]} 27. b3
{[%clk 0:28:02]} Bd8 {[%clk 0:40:07]} 28. Ra6 {[%clk 0:25:59]} Qc5
{[%clk 0:40:24]} 29. Qe3 {[%clk 0:19:16]} Be7 {[%clk 0:19:38]} 30. Qxc5
{[%clk 0:18:01]} Nxc5 {[%clk 0:18:21]} 31. Ra7 {[%clk 0:14:47]} Bd8
{[%clk 0:09:03]} 32. Nxd6 {[%clk 0:14:45]} Rb8 {[%clk 0:07:57]} 33. Nf7+
{[%clk 0:14:47]} Kg8 {[%clk 0:08:00]} 34. d6 {[%clk 0:15:05]} Bb6
{[%clk 0:07:20]} 35. Ng5+ {[%clk 0:15:25]} 1-0

[Event "EYCC 2024 - O12"]
[Site "?"]
[Date "2024.08.22"]
[Round "1.2"]
[White "Belyaletdinov, Leonard"]
[Black "Golis, Wiktor"]
[Result "0-1"]
[BlackElo "2216"]
[WhiteElo "1843"]
[LiveChessVersion "1.4.8"]

1. e4 {[%clk 1:30:55]} c5 {[%clk 1:29:53]} 2. Nf3 {[%clk 1:31:14]} d6
{[%clk 1:30:07]} 3. d4 {[%clk 1:31:33]} cxd4 {[%clk 1:30:30]} 4. Nxd4
{[%clk 1:31:55]} Nf6 {[%clk 1:30:48]} 5. Nc3 {[%clk 1:32:11]} a6 {[%clk 1:30:42]}
6. Be2 {[%clk 1:29:53]} e5 {[%clk 1:30:48]} 7. Nb3 {[%clk 1:29:00]} Be7
{[%clk 1:31:02]} 8. g4 {[%clk 1:29:19]} h6 {[%clk 1:26:13]} 9. Be3
{[%clk 1:28:25]} Be6 {[%clk 1:25:22]} 10. f4 {[%clk 1:19:50]} exf4
{[%clk 1:24:41]} 11. Bxf4 {[%clk 1:19:54]} Nc6 {[%clk 1:24:11]} 12. Nd4
{[%clk 1:14:57]} Qa5 {[%clk 0:56:26]} 13. Nxe6 {[%clk 1:10:38]} fxe6
{[%clk 0:56:37]} 14. Qd2 {[%clk 1:09:52]} d5 {[%clk 0:52:13]} 15. exd5
{[%clk 1:04:06]} exd5 {[%clk 0:51:58]} 16. Bd3 {[%clk 0:59:42]} O-O
{[%clk 0:47:52]} 17. O-O-O {[%clk 0:54:56]} d4 {[%clk 0:40:23]} 18. Bc4+
{[%clk 0:54:20]} Kh8 {[%clk 0:40:05]} 19. Ne2 {[%clk 0:53:03]} Qxd2+
{[%clk 0:35:40]} 20. Bxd2 {[%clk 0:53:04]} Nxg4 {[%clk 0:35:05]} 21. Nf4
{[%clk 0:51:53]} Nce5 {[%clk 0:32:46]} 22. Rhg1 {[%clk 0:48:50]} Ne3
{[%clk 0:28:39]} 23. Bxe3 {[%clk 0:48:59]} dxe3 {[%clk 0:29:08]} 24. Ng6+
{[%clk 0:47:39]} Nxg6 {[%clk 0:29:28]} 25. Rxg6 {[%clk 0:47:41]} Bg5
{[%clk 0:25:53]} 26. Re1 {[%clk 0:45:19]} e2+ {[%clk 0:24:11]} 27. Kb1
{[%clk 0:45:37]} Bh4 {[%clk 0:23:55]} 0-1

[Event "EYCC 2024 - O12"]
[Site "?"]
[Date "2024.08.22"]
[Round "1.3"]
[White "Gibala, Adam"]
[Black "Bartczak, Korneliusz"]
[Result "1-0"]
[BlackElo "1843"]
[WhiteElo "2199"]
[LiveChessVersion "1.4.8"]

1. e4 {[%clk 1:30:58]} c6 {[%clk 1:30:56]} 2. d4 {[%clk 1:31:18]} d5
{[%clk 1:31:21]} 3. e5 {[%clk 1:31:41]} c5 {[%clk 1:31:48]} 4. dxc5
{[%clk 1:32:06]} e6 {[%clk 1:32:15]} 5. Be3 {[%clk 1:32:26]} Nh6 {[%clk 1:32:27]}
6. Nf3 {[%clk 1:31:56]} Nf5 {[%clk 1:32:16]} 7. Bg5 {[%clk 1:32:19]} Qa5+
{[%clk 1:30:29]} 8. Bd2 {[%clk 1:31:01]} Qxc5 {[%clk 1:29:41]} 9. Bd3
{[%clk 1:31:03]} Be7 {[%clk 1:25:34]} 10. O-O {[%clk 1:30:18]} Nd4
{[%clk 1:21:00]} 11. Be3 {[%clk 1:24:54]} Nxf3+ {[%clk 1:21:23]} 12. Qxf3
{[%clk 1:25:14]} Qc7 {[%clk 1:18:51]} 13. Qg3 {[%clk 1:25:33]} g6
{[%clk 1:18:44]} 14. Bh6 {[%clk 1:18:50]} Nc6 {[%clk 1:14:55]} 15. Re1
{[%clk 1:18:08]} Bd7 {[%clk 1:05:37]} 16. Na3 {[%clk 1:11:15]} a6
{[%clk 0:50:17]} 17. c4 {[%clk 1:10:44]} Nb4 {[%clk 0:41:52]} 18. cxd5
{[%clk 1:10:53]} Nxd5 {[%clk 0:41:55]} 19. Be4 {[%clk 1:08:20]} Bc6
{[%clk 0:40:02]} 20. Bxd5 {[%clk 1:06:57]} Bxd5 {[%clk 0:38:56]} 21. Rac1
{[%clk 1:07:09]} Qa5 {[%clk 0:32:12]} 22. Red1 {[%clk 1:02:14]} b5
{[%clk 0:29:14]} 23. Bg7 {[%clk 1:01:30]} Rg8 {[%clk 0:29:28]} 24. Bf6
{[%clk 1:01:52]} Qd8 {[%clk 0:27:32]} 25. Qh4 {[%clk 0:58:29]} h5
{[%clk 0:22:15]} 26. Qg5 {[%clk 0:56:18]} Bxf6 {[%clk 0:19:37]} 27. exf6
{[%clk 0:56:47]} Rc8 {[%clk 0:17:58]} 28. Nc2 {[%clk 0:55:51]} Qd6
{[%clk 0:13:23]} 29. Rd2 {[%clk 0:51:48]} Rc4 {[%clk 0:10:15]} 30. Re1
{[%clk 0:50:52]} Kd7 {[%clk 0:08:01]} 31. Ne3 {[%clk 0:47:39]} Re4
{[%clk 0:07:33]} 32. Red1 {[%clk 0:46:22]} Re5 {[%clk 0:07:04]} 33. Qg3
{[%clk 0:46:13]} Rc8 {[%clk 0:04:53]} 34. f4 {[%clk 0:45:12]} Rxe3
{[%clk 0:04:28]} 35. Qxe3 {[%clk 0:45:34]} Qc5 {[%clk 0:04:51]} 36. Qxc5
{[%clk 0:41:34]} Rxc5 {[%clk 0:05:18]} 37. g3 {[%clk 0:40:54]} Rc4
{[%clk 0:04:22]} 38. Kf2 {[%clk 0:39:27]} Kc6 {[%clk 0:03:45]} 39. Rd3
{[%clk 0:37:31]} b4 {[%clk 0:02:20]} 40. Rd4 {[%clk 0:36:51]} Rc2+
{[%clk 0:02:44]} 41. R1d2 {[%clk 0:37:06]} Rc1 {[%clk 0:03:12]} 42. Rxb4
{[%clk 0:36:46]} Rh1 {[%clk 0:02:07]} 43. Rc2+ {[%clk 0:36:41]} Kd7
{[%clk 0:02:14]} 44. Ke3 {[%clk 0:36:50]} Re1+ {[%clk 0:02:29]} 45. Kd4
{[%clk 0:35:54]} Rd1+ {[%clk 0:02:20]} 46. Kc5 {[%clk 0:35:41]} Kc7
{[%clk 0:02:05]} 47. Rd4 {[%clk 0:35:37]} Ra1 {[%clk 0:02:23]} 48. a3
{[%clk 0:34:59]} Re1 {[%clk 0:02:19]} 49. a4 {[%clk 0:34:37]} Ra1
{[%clk 0:02:46]} 50. Re2 {[%clk 0:32:44]} Rc1+ {[%clk 0:02:57]} 51. Kb4
{[%clk 0:32:57]} Kd6 {[%clk 0:02:56]} 52. Ka5 {[%clk 0:32:10]} Kc6
{[%clk 0:02:15]} 53. Re3 {[%clk 0:30:37]} Rc5+ {[%clk 0:01:58]} 54. Kxa6
{[%clk 0:30:29]} Bc4+ {[%clk 0:02:00]} 55. Rxc4 {[%clk 0:30:41]} Rxc4
{[%clk 0:02:27]} 56. Rc3 {[%clk 0:30:51]} 1-0

[Event "EYCC 2024 - O12"]
[Site "?"]
[Date "2024.08.22"]
[Round "1.4"]
[White "Sniedziewski, Emil"]
[Black "Torres Rebolledo, Alvaro"]
[Result "0-1"]
[BlackElo "2193"]
[WhiteElo "1836"]
[LiveChessVersion "1.4.8"]

1. e4 {[%clk 1:30:56]} c6 {[%clk 1:30:15]} 2. d4 {[%clk 1:31:21]} d5
{[%clk 1:30:38]} 3. exd5 {[%clk 1:31:47]} cxd5 {[%clk 1:31:00]} 4. Bd3
{[%clk 1:32:05]} Nc6 {[%clk 1:31:04]} 5. c3 {[%clk 1:32:25]} Qc7 {[%clk 1:30:01]}
6. Na3 {[%clk 1:32:41]} a6 {[%clk 1:24:02]} 7. Nc2 {[%clk 1:32:51]} e6
{[%clk 1:21:44]} 8. Nf3 {[%clk 1:32:34]} Bd6 {[%clk 1:20:32]} 9. O-O
{[%clk 1:32:34]} Nge7 {[%clk 1:18:55]} 10. Bd2 {[%clk 1:28:28]} f6
{[%clk 1:12:35]} 11. h3 {[%clk 1:18:01]} O-O {[%clk 1:08:32]} 12. Re1
{[%clk 1:18:16]} e5 {[%clk 0:59:19]} 13. dxe5 {[%clk 1:15:40]} fxe5
{[%clk 0:58:46]} 14. Bf1 {[%clk 1:09:54]} e4 {[%clk 0:53:31]} 15. Nfd4
{[%clk 1:10:12]} Bh2+ {[%clk 0:51:35]} 16. Kh1 {[%clk 1:10:41]} Rxf2
{[%clk 0:48:01]} 17. Be3 {[%clk 1:07:09]} Rf8 {[%clk 0:46:14]} 18. Bg1
{[%clk 0:59:49]} Bxg1 {[%clk 0:44:17]} 19. Kxg1 {[%clk 0:58:48]} Qb6
{[%clk 0:38:32]} 20. Rb1 {[%clk 0:57:34]} Nf5 {[%clk 0:37:17]} 21. Qd2
{[%clk 0:55:20]} Ncxd4 {[%clk 0:33:32]} 22. Nxd4 {[%clk 0:51:49]} Nxd4
{[%clk 0:33:01]} 23. Qxd4 {[%clk 0:50:28]} Qxd4+ {[%clk 0:32:49]} 24. cxd4
{[%clk 0:50:56]} Bd7 {[%clk 0:30:39]} 25. Rbc1 {[%clk 0:50:24]} Bc6
{[%clk 0:30:01]} 26. Be2 {[%clk 0:50:12]} Rf6 {[%clk 0:29:24]} 27. Rf1
{[%clk 0:49:03]} Raf8 {[%clk 0:27:02]} 28. Rxf6 {[%clk 0:45:06]} Rxf6
{[%clk 0:22:44]} 29. a3 {[%clk 0:38:48]} Kf7 {[%clk 0:21:59]} 30. Rc3
{[%clk 0:39:09]} Ke7 {[%clk 0:21:56]} 31. Bf1 {[%clk 0:36:43]} h5
{[%clk 0:18:09]} 32. Be2 {[%clk 0:35:46]} g6 {[%clk 0:18:25]} 33. Bf1
{[%clk 0:33:18]} Re6 {[%clk 0:18:15]} 34. Kf2 {[%clk 0:33:25]} Rf6+
{[%clk 0:17:17]} 35. Ke1 {[%clk 0:32:05]} Kd7 {[%clk 0:14:36]} 36. Be2
{[%clk 0:30:56]} Kd6 {[%clk 0:12:55]} 37. Bf1 {[%clk 0:25:21]} h4
{[%clk 0:12:55]} 38. Be2 {[%clk 0:25:20]} Bd7 {[%clk 0:13:10]} 39. Rb3
{[%clk 0:21:03]} Kc7 {[%clk 0:13:12]} 40. Rc3+ {[%clk 0:19:18]} Rc6
{[%clk 0:13:22]} 41. Kd2 {[%clk 0:18:29]} Rxc3 {[%clk 0:13:41]} 42. Kxc3
{[%clk 0:18:40]} Bb5 {[%clk 0:13:37]} 43. Bxb5 {[%clk 0:17:59]} axb5
{[%clk 0:14:06]} 44. Kd2 {[%clk 0:14:55]} Kd6 {[%clk 0:14:31]} 45. Ke3
{[%clk 0:10:22]} g5 {[%clk 0:14:59]} 46. b3 {[%clk 0:07:51]} Ke6 {[%clk 0:15:19]}
47. Kf2 {[%clk 0:07:46]} Kf5 {[%clk 0:15:42]} 48. g3 {[%clk 0:07:33]} hxg3+
{[%clk 0:15:47]} 49. Kxg3 {[%clk 0:07:59]} e3 {[%clk 0:16:01]} 50. Kf3
{[%clk 0:07:29]} e2 {[%clk 0:16:25]} 51. Kxe2 {[%clk 0:07:52]} Ke4
{[%clk 0:16:53]} 52. b4 {[%clk 0:08:10]} Kxd4 {[%clk 0:17:19]} 53. Kf3
{[%clk 0:07:57]} Kc3 {[%clk 0:17:34]} 54. Kg4 {[%clk 0:08:20]} d4
{[%clk 0:18:02]} 55. Kxg5 {[%clk 0:08:43]} d3 {[%clk 0:18:29]} 56. h4
{[%clk 0:09:05]} d2 {[%clk 0:18:57]} 57. h5 {[%clk 0:09:29]} d1=Q
{[%clk 0:19:23]} 58. h6 {[%clk 0:09:46]} Qd8+ {[%clk 0:19:46]} 59. Kg6
{[%clk 0:10:10]} Qh8 {[%clk 0:20:10]} 60. h7 {[%clk 0:10:31]} 0-1

[Event "EYCC 2024 - O12"]
[Site "?"]
[Date "2024.08.22"]
[Round "1.5"]
[White "Vincenti, Leonardo"]
[Black "Anagnostopoulos, Panagiotis"]
[Result "1/2-1/2"]
[BlackElo "1835"]
[WhiteElo "2160"]
[LiveChessVersion "1.4.8"]

1. e4 {[%clk 1:30:58]} c5 {[%clk 1:30:57]} 2. Nf3 {[%clk 1:31:23]} d6
{[%clk 1:31:20]} 3. d4 {[%clk 1:31:31]} cxd4 {[%clk 1:31:27]} 4. Qxd4
{[%clk 1:31:55]} Nc6 {[%clk 1:30:58]} 5. Bb5 {[%clk 1:31:22]} Bd7
{[%clk 1:30:33]} 6. Qd3 {[%clk 1:30:41]} Nf6 {[%clk 1:30:02]} 7. O-O
{[%clk 1:30:08]} a6 {[%clk 1:29:09]} 8. Bxc6 {[%clk 1:29:24]} Bxc6
{[%clk 1:29:13]} 9. Re1 {[%clk 1:28:57]} e6 {[%clk 1:28:09]} 10. Nd4
{[%clk 1:28:00]} Be7 {[%clk 1:27:11]} 11. c4 {[%clk 1:21:14]} O-O
{[%clk 1:26:32]} 12. Nc3 {[%clk 1:20:54]} Nd7 {[%clk 1:25:53]} 13. Be3
{[%clk 1:16:11]} Rc8 {[%clk 1:24:02]} 14. Rac1 {[%clk 1:10:43]} Qc7
{[%clk 1:22:45]} 15. Qe2 {[%clk 1:03:09]} Bf6 {[%clk 1:20:16]} 16. Red1
{[%clk 0:35:46]} Qb8 {[%clk 1:12:58]} 17. b3 {[%clk 0:29:45]} Rfd8
{[%clk 1:09:53]} 18. a4 {[%clk 0:23:03]} Nc5 {[%clk 1:07:33]} 19. Qc2
{[%clk 0:21:46]} Bxd4 {[%clk 1:03:55]} 20. Bxd4 {[%clk 0:21:47]} b5
{[%clk 1:03:10]} 21. axb5 {[%clk 0:04:26]} axb5 {[%clk 1:03:08]} 22. cxb5
{[%clk 0:04:54]} Bxb5 {[%clk 1:03:08]} 23. Nxb5 {[%clk 0:03:03]} Qxb5
{[%clk 1:03:32]} 24. Rb1 {[%clk 0:01:06]} Na6 {[%clk 1:03:05]} 25. Qd3
{[%clk 0:00:38]} Qxd3 {[%clk 1:02:43]} 26. Rxd3 {[%clk 0:01:07]} d5
{[%clk 1:01:59]} 27. e5 {[%clk 0:00:47]} Nb4 {[%clk 1:01:51]} 28. Rd2
{[%clk 0:00:37]} Rc6 {[%clk 1:01:33]} 29. f3 {[%clk 0:00:41]} Rdc8
{[%clk 1:01:23]} 30. Ra1 {[%clk 0:00:35]} Rc1+ {[%clk 0:54:53]} 31. Rd1
{[%clk 0:00:55]} Rxd1+ {[%clk 0:54:55]} 32. Rxd1 {[%clk 0:01:20]} Kf8
{[%clk 0:54:16]} 33. Ra1 {[%clk 0:00:38]} Ke8 {[%clk 0:54:04]} 34. Ra4
{[%clk 0:00:41]} Nd3 {[%clk 0:54:05]} 35. h4 {[%clk 0:00:48]} Kd7
{[%clk 0:53:38]} 36. Ra7+ {[%clk 0:00:39]} Rc7 {[%clk 0:54:03]} 37. Ra8
{[%clk 0:00:43]} Nf4 {[%clk 0:53:57]} 38. Bf2 {[%clk 0:00:37]} d4
{[%clk 0:53:14]} 39. Ra4 {[%clk 0:00:49]} Ne2+ {[%clk 0:53:15]} 40. Kf1
{[%clk 0:00:54]} d3 {[%clk 0:52:44]} 41. Ke1 {[%clk 0:01:22]} Nc1
{[%clk 0:51:14]} 42. Rd4+ {[%clk 0:01:11]} Kc8 {[%clk 0:50:24]} 43. Be3
{[%clk 0:00:41]} Nxb3 {[%clk 0:49:33]} 44. Rxd3 {[%clk 0:01:09]} Nc5
{[%clk 0:49:40]} 45. Rd1 {[%clk 0:00:44]} Nd7 {[%clk 0:49:50]} 46. f4
{[%clk 0:00:41]} Nc5 {[%clk 0:49:12]} 47. Ke2 {[%clk 0:00:43]} Na4
{[%clk 0:49:18]} 48. Kf3 {[%clk 0:00:56]} Nc3 {[%clk 0:49:28]} 49. Rd3
{[%clk 0:00:51]} Nd5 {[%clk 0:49:43]} 50. Bd2 {[%clk 0:01:19]} Rc2
{[%clk 0:49:47]} 51. g4 {[%clk 0:01:23]} g6 {[%clk 0:49:30]} 52. f5
{[%clk 0:01:08]} Kd7 {[%clk 0:49:28]} 53. f6 {[%clk 0:01:28]} Kc6
{[%clk 0:49:23]} 54. Be1 {[%clk 0:00:39]} 1/2-1/2

[Event "EYCC 2024 - O12"]
[Site "?"]
[Date "2024.08.22"]
[Round "1.6"]
[White "Pisarcik, Richard"]
[Black "Ambartsumian, Tyhran"]
[Result "0-1"]
[BlackElo "2156"]
[WhiteElo "1828"]
[LiveChessVersion "1.4.8"]

1. e4 {[%clk 1:30:56]} e5 {[%clk 1:30:32]} 2. Nf3 {[%clk 1:30:54]} Nc6
{[%clk 1:30:55]} 3. Bb5 {[%clk 1:29:51]} Nf6 {[%clk 1:31:10]} 4. O-O
{[%clk 1:29:25]} Nxe4 {[%clk 1:31:33]} 5. d4 {[%clk 1:29:07]} Nd6
{[%clk 1:31:57]} 6. dxe5 {[%clk 1:29:11]} Nxb5 {[%clk 1:32:21]} 7. a4
{[%clk 1:29:27]} d6 {[%clk 1:32:43]} 8. axb5 {[%clk 1:29:10]} Nxe5
{[%clk 1:32:34]} 9. Re1 {[%clk 1:27:50]} Be7 {[%clk 1:32:04]} 10. Nxe5
{[%clk 1:25:36]} dxe5 {[%clk 1:32:16]} 11. Qf3 {[%clk 1:18:28]} f6
{[%clk 1:13:39]} 12. Rd1 {[%clk 1:10:24]} Bd6 {[%clk 1:14:01]} 13. Na3
{[%clk 1:07:57]} Qe7 {[%clk 0:54:15]} 14. Nc4 {[%clk 1:02:33]} O-O
{[%clk 0:50:31]} 15. Nxd6 {[%clk 1:00:59]} cxd6 {[%clk 0:50:20]} 16. b3
{[%clk 0:59:11]} Be6 {[%clk 0:36:55]} 17. Ba3 {[%clk 0:56:02]} Rfd8
{[%clk 0:34:36]} 18. h3 {[%clk 0:45:45]} Qc7 {[%clk 0:32:40]} 19. c4
{[%clk 0:45:32]} a6 {[%clk 0:31:12]} 20. Qd3 {[%clk 0:41:04]} axb5
{[%clk 0:30:49]} 21. cxb5 {[%clk 0:37:31]} d5 {[%clk 0:30:34]} 22. Rac1
{[%clk 0:37:05]} Qf7 {[%clk 0:30:53]} 23. Bc5 {[%clk 0:35:30]} d4
{[%clk 0:29:02]} 24. b4 {[%clk 0:33:06]} Qg6 {[%clk 0:26:30]} 25. Qxg6
{[%clk 0:31:58]} hxg6 {[%clk 0:26:54]} 26. Ra1 {[%clk 0:29:22]} Bb3
{[%clk 0:23:47]} 27. Rxa8 {[%clk 0:27:05]} Rxa8 {[%clk 0:24:10]} 28. Rd2
{[%clk 0:27:27]} Ra1+ {[%clk 0:24:28]} 29. Kh2 {[%clk 0:27:44]} Kf7
{[%clk 0:24:47]} 30. Rb2 {[%clk 0:25:51]} Bc4 {[%clk 0:23:09]} 31. b6
{[%clk 0:25:03]} g5 {[%clk 0:23:19]} 32. Rc2 {[%clk 0:23:56]} d3 {[%clk 0:21:31]}
33. Rd2 {[%clk 0:23:04]} f5 {[%clk 0:21:55]} 34. Bd6 {[%clk 0:21:26]} Ke6
{[%clk 0:22:15]} 35. Bc7 {[%clk 0:21:34]} Ra2 {[%clk 0:22:39]} 36. Rd1
{[%clk 0:20:47]} d2 {[%clk 0:23:01]} 0-1

[Event "EYCC 2024 - O12"]
[Site "?"]
[Date "2024.08.22"]
[Round "1.7"]
[White "Brzezina, Pawel"]
[Black "Policar, Martin"]
[Result "0-1"]
[BlackElo "1827"]
[WhiteElo "2121"]
[LiveChessVersion "1.4.8"]

1. d4 {[%clk 1:30:42]} Nf6 {[%clk 1:30:41]} 2. c4 {[%clk 1:30:28]} g6
{[%clk 1:30:48]} 3. Nc3 {[%clk 1:30:20]} d5 {[%clk 1:31:06]} 4. cxd5
{[%clk 1:30:13]} Nxd5 {[%clk 1:31:23]} 5. e4 {[%clk 1:30:07]} Nxc3
{[%clk 1:31:30]} 6. bxc3 {[%clk 1:30:26]} Bg7 {[%clk 1:31:36]} 7. Nf3
{[%clk 1:30:36]} c5 {[%clk 1:30:10]} 8. Bb5+ {[%clk 1:30:06]} Nc6
{[%clk 1:20:00]} 9. Rb1 {[%clk 1:28:39]} O-O {[%clk 1:19:33]} 10. d5
{[%clk 1:28:25]} Ne5 {[%clk 1:12:08]} 11. O-O {[%clk 1:27:49]} a6
{[%clk 1:10:31]} 12. Be2 {[%clk 1:25:32]} Nxf3+ {[%clk 1:09:15]} 13. Bxf3
{[%clk 1:25:42]} Qa5 {[%clk 1:02:27]} 14. Bg5 {[%clk 1:14:03]} Re8
{[%clk 1:00:00]} 15. c4 {[%clk 1:09:01]} Qxa2 {[%clk 0:59:05]} 16. Be2
{[%clk 1:08:18]} a5 {[%clk 0:43:30]} 17. Be3 {[%clk 1:05:51]} b6 {[%clk 0:23:00]}
18. Rxb6 {[%clk 1:00:41]} Ba6 {[%clk 0:22:00]} 19. Qd3 {[%clk 0:52:44]} Reb8
{[%clk 0:15:36]} 20. Rfb1 {[%clk 0:51:49]} Rxb6 {[%clk 0:15:22]} 21. Rxb6
{[%clk 0:52:01]} Qa1+ {[%clk 0:15:40]} 22. Bf1 {[%clk 0:50:39]} Bd4
{[%clk 0:13:22]} 23. Bxd4 {[%clk 0:45:05]} cxd4 {[%clk 0:12:14]} 24. Qb1
{[%clk 0:44:14]} Qxb1 {[%clk 0:10:26]} 25. Rxb1 {[%clk 0:44:35]} Rc8
{[%clk 0:10:25]} 26. Rc1 {[%clk 0:43:40]} a4 {[%clk 0:09:27]} 27. Bd3
{[%clk 0:43:25]} Rb8 {[%clk 0:06:48]} 28. Bf1 {[%clk 0:33:50]} a3
{[%clk 0:05:28]} 29. Ra1 {[%clk 0:33:32]} Rb3 {[%clk 0:05:50]} 30. e5
{[%clk 0:27:59]} d3 {[%clk 0:05:08]} 31. d6 {[%clk 0:27:24]} exd6
{[%clk 0:05:26]} 32. exd6 {[%clk 0:27:47]} Kf8 {[%clk 0:04:35]} 33. c5
{[%clk 0:27:18]} Bb5 {[%clk 0:04:53]} 34. c6 {[%clk 0:20:23]} Bxc6
{[%clk 0:04:52]} 35. Ra2 {[%clk 0:20:31]} Bb5 {[%clk 0:04:24]} 36. h4
{[%clk 0:20:49]} Rb1 {[%clk 0:04:13]} 37. d7 {[%clk 0:19:56]} Bxd7
{[%clk 0:04:17]} 0-1

[Event "EYCC 2024 - O12"]
[Site "?"]
[Date "2024.08.22"]
[Round "1.8"]
[White "Jasas, Ignas"]
[Black "Golubovic, Erik"]
[Result "0-1"]
[BlackElo "2117"]
[WhiteElo "1823"]
[LiveChessVersion "1.4.8"]

1. e4 {[%clk 1:30:55]} c5 {[%clk 1:30:50]} 2. Nf3 {[%clk 1:31:09]} d6
{[%clk 1:31:05]} 3. d4 {[%clk 1:31:31]} cxd4 {[%clk 1:31:26]} 4. Nxd4
{[%clk 1:31:49]} Nf6 {[%clk 1:31:44]} 5. Nc3 {[%clk 1:32:12]} a6 {[%clk 1:32:02]}
6. Be3 {[%clk 1:32:17]} e5 {[%clk 1:32:07]} 7. Nb3 {[%clk 1:32:41]} Be7
{[%clk 1:32:02]} 8. f3 {[%clk 1:32:56]} Be6 {[%clk 1:32:12]} 9. Qd2
{[%clk 1:33:14]} h5 {[%clk 1:32:26]} 10. Be2 {[%clk 1:33:23]} Nbd7
{[%clk 1:32:14]} 11. Nd5 {[%clk 1:33:32]} Bxd5 {[%clk 1:32:24]} 12. exd5
{[%clk 1:33:47]} Qc7 {[%clk 1:31:41]} 13. Rc1 {[%clk 1:26:58]} O-O
{[%clk 1:29:42]} 14. O-O {[%clk 1:27:18]} a5 {[%clk 1:28:21]} 15. c4
{[%clk 1:11:43]} h4 {[%clk 1:24:09]} 16. Rfd1 {[%clk 1:10:18]} b6
{[%clk 1:13:47]} 17. Qc2 {[%clk 0:48:58]} Nh5 {[%clk 1:03:41]} 18. f4
{[%clk 0:36:21]} Nxf4 {[%clk 0:59:06]} 19. Bxf4 {[%clk 0:32:48]} exf4
{[%clk 0:59:13]} 20. Qf5 {[%clk 0:32:32]} Qd8 {[%clk 0:53:38]} 21. Nd4
{[%clk 0:26:49]} g6 {[%clk 0:49:28]} 22. Qe4 {[%clk 0:19:20]} Ne5
{[%clk 0:48:50]} 23. Nc6 {[%clk 0:17:41]} Nxc6 {[%clk 0:44:29]} 24. dxc6
{[%clk 0:18:03]} Bf6 {[%clk 0:42:32]} 25. Rc2 {[%clk 0:14:57]} Be5
{[%clk 0:40:48]} 26. c5 {[%clk 0:10:38]} bxc5 {[%clk 0:37:30]} 27. Rxc5
{[%clk 0:10:54]} Qb6 {[%clk 0:36:18]} 28. Rdd5 {[%clk 0:06:40]} Bg7
{[%clk 0:30:14]} 29. Bc4 {[%clk 0:05:43]} dxc5 {[%clk 0:28:22]} 30. Rd7
{[%clk 0:06:09]} Qxb2 {[%clk 0:20:15]} 31. h3 {[%clk 0:05:29]} Qc1+
{[%clk 0:17:36]} 32. Kh2 {[%clk 0:05:53]} Qe3 {[%clk 0:16:03]} 33. Bxf7+
{[%clk 0:05:23]} Rxf7 {[%clk 0:16:16]} 34. Qd5 {[%clk 0:05:48]} Qg3+
{[%clk 0:11:53]} 35. Kh1 {[%clk 0:06:08]} Qe1+ {[%clk 0:12:04]} 36. Kh2
{[%clk 0:06:30]} Qe8 {[%clk 0:11:41]} 0-1